|
|
|
|
| LEADER |
00000nab a2200000 a 4500 |
| 001 |
vtls000851691 |
| 003 |
SK-MaSNL |
| 005 |
20260304112036.0 |
| 008 |
250429c2003 xo 0 slo |
| 015 |
|
|
|a SNBRB2003/11-31254
|
| 035 |
|
|
|a CLN000203346
|
| 035 |
|
|
|a urn:nbn:sk:snk-abdqvr
|
| 035 |
|
|
|a (urnnbn)urn:nbn:sk:snk:ar-00185y
|
| 035 |
|
|
|a (uuid)19012ec5-3301-4c7e-b14b-da4f21fc28fd
|
| 040 |
|
|
|a SNKBUCL
|b slo
|c SNKBUCL
|e AACR2
|
| 041 |
0 |
|
|a slo
|
| 044 |
|
|
|a xo
|c SK
|
| 080 |
|
|
|a 792.2
|2 1997
|
| 100 |
1 |
|
|a Rodová, Hana
|4 aut
|9 853709
|
| 245 |
1 |
0 |
|a Pokračovanie projektu Villqist verzus Villqist Oskar verzus Ruth
|c Hana Rodová
|
| 300 |
|
|
|b Fotogr.
|
| 500 |
|
|
|a Réžia Patrik Lančarič
|
| 600 |
1 |
7 |
|a Villqist, Ingmar,
|d 1960-
|t Oskar a Ruth
|2 snkbucl
|9 56222
|
| 610 |
|
7 |
|a Štátne divadlo Košice
|2 snkbucl
|9 120184
|
| 651 |
|
7 |
|a Košice (Slovensko)
|2 snkbucl
|9 18694
|
| 655 |
|
7 |
|a články z novín a časopisov
|2 snkbucl
|9 267496
|
| 773 |
0 |
|
|t Javisko
|g Roč. 35, č. 5 (2003), s. 31-32
|x 0323-2883
|
| 850 |
|
|
|a Slovenská národná knižnica
|
| 852 |
|
|
|a Slovenská národná knižnica
|
| 954 |
|
|
|a odborná, vedecká literatúra pôvodná (slovenská)
|2 lita
|
| 958 |
|
|
|a article19
|
| 958 |
|
|
|a OND
|
| 958 |
|
|
|a RC
|
| 958 |
|
|
|a EUIPO
|
| 992 |
|
|
|a RBX
|
| 999 |
|
|
|c 2864021
|d 2865951
|